Normal view
MARC view
Entry Topical Term
001 - CONTROL NUMBER
- control field: 12074
003 - CONTROL NUMBER IDENTIFIER
- control field: OSt
005 - DATE AND TIME OF LATEST TRANSACTION
- control field: 20211105133452.0
008 - FIXED-LENGTH DATA ELEMENTS
- fixed length control field: 211105|| aca||aabn | a|a d
040 ## - CATALOGING SOURCE
- Original cataloging agency: OSt
- Transcribing agency: OSt
150 ## - HEADING--TOPICAL TERM
- Topical term or geographic name entry element: Rules-Nuclear Power Plant
670 ## - SOURCE DATA FOUND
- Source citation: Work cat.: (OSt): American Society of Mechanical Engineers 12073, 1980 ASME boiler ad pressure vessel code Section III, division 1 nuclear power components subsectin ND class 3 component, 1980